Statistics for Piano Man by Billy Joel lyrics Quiz

Click here to take the quiz!

General Stats

  • This quiz has been taken 1,429 times
  • The average score is 274 of 340

Answer Stats

Answer% Correct
a
99%
I
99%
man
98%
the
98%
The
98%
an
97%
in
96%
me
96%
to
96%
To
96%
you
96%
and
95%
And
95%
it
95%
piano
95%
Son
94%
it's
93%
It's
93%
for
92%
he
92%
He
92%
on
92%
rhe
92%
Saturday
91%
us
91%
be
90%
Sing
90%
song
90%
your
90%
who
89%
melody
88%
o'clock
87%
crowd
86%
nine
86%
play
86%
is
85%
tonight
85%
you're
85%
his
84%
old
84%
say
84%
sit
84%
When
84%
bar
83%
can
83%
all
82%
real
82%
regular
82%
But
81%
gin
81%
love
81%
mood
81%
not
81%
how
80%
of
80%
shuffles
80%
tonic
80%
we're
80%
get
79%
goes
79%
I'm
79%
im
79%
Makin'
79%
my
79%
next
79%
there's
79%
There's
79%
alright
78%
clothes
78%
complete
78%
feelin'
78%
got
78%
knew
78%
mans
78%
sittin'
78%
sure
78%
sweet
78%
younger
78%
drink
77%
really
77%
says
77%
wore
77%
at
76%
life
76%
free
75%
navy
74%
they
74%
will
74%
that
73%
this
73%
memory
72%
sad
72%
As
71%
mine
71%
you've
71%
friend
70%
place
70%
still
70%
with
70%
Davy
69%
drinks
69%
hes
69%
he's
69%
probably
69%
are
68%
out
68%
could
67%
smile
67%
who's
67%
If
66%
what
66%
gets
65%
killing
65%
movie
65%
star
65%
Cause
64%
some
64%
bill
63%
politics
63%
time
63%
up
63%
estate
62%
John
62%
light
62%
like
62%
smoke
62%
waitress
62%
believe
61%
doin'
61%
here
61%
joke
61%
never
61%
rather
61%
while
61%
from
60%
had
60%
he'd
60%
jar
60%
novelist
60%
practicing
60%
see
60%
talkin'
60%
wife
60%
Now
59%
quick
59%
beer
58%
breed
58%
face
58%
or
58%
sounds
58%
Well
58%
gives
57%
slowly
57%
stoned
57%
away
56%
about
55%
businessmen
55%
coming
55%
forget
55%
put
55%
smells
55%
better
54%
carnival
54%
drinkin'
54%
knows
54%
than
54%
alone
53%
call
53%
been
52%
good
52%
loneliness
52%
microphone
52%
manager
51%
ran
51%
sharing
50%
they've
50%
pretty
49%
they're
49%
Paul
46%
Yes
37%

Score Distribution

Percentile by Number Answered

Percent of People with Each Score

Your Score History

You have not taken this quiz